Estatísticas para Canais Fox no Brasil

Clique aqui para jogar o quiz

Estatísticas Gerais

  • Esse quiz foi jogado 15 vezes
  • A pontuação média é 6 de 9

Estatísticas das Respostas

TemáticaCanal% Correto
Filmes e sériesFox
100%
EsportesFox Sports
90%
Séries e programas de açãoFX
90%
DocumentáriosNational Geographic
80%
InfantilNat Geo Kids
70%
FemininoFox Life
60%
Filmes originaisFox Premium
60%
Natureza selvagemNat Geo Wild
50%
Infantil (até 3 anos)Baby TV
40%

Distribuição das Pontuações

Percentil de Números Respondidos

Porcentagem de Pessoas com Cada Pontuação

Sua Pontuação Histórica

Você não jogou esse quiz